000 00519nam a22001697a 4500
005 20251108165320.0
008 250721s1995 xx 000 0 ara d
082 1 4 _a923.4/عبد
100 1 _aعبد الله، عثمان
245 1 0 _aبمناسبة مرور مائة عام على مولده :
_bالشهوري أستاذ القانون و الشريعة و الوطنية /
264 _c1995.
300 _a142ص
650 1 7 _aالتراجم
650 1 7 _aالقضاة
942 _2ddc
_cBK
999 _c24886
_d24886